| 000 | 01326cam a22003617a 4500 | ||
|---|---|---|---|
| 001 | 15505209 | ||
| 003 | SISC | ||
| 005 | 20160302100544.0 | ||
| 008 | 081030s2007 nyua j 000 1 eng d | ||
| 010 | _a 2008300735 | ||
| 020 | _a9780312367879 | ||
| 020 | _a0312367872 | ||
| 035 | _a(OCoLC)ocn144227353 | ||
| 040 |
_aBTCTA _cBTCTA _dBAKER _dKRL _dIEF _dYDXCP _dOCLCQ _dUUC _dAU@ _dDLC |
||
| 042 | _alccopycat | ||
| 050 | 0 | 0 |
_aPZ 8.3 _b.G878 2006 |
| 082 | 0 | 0 |
_aHS 823.3 _bG87 2006 |
| 100 | 1 |
_aGriffiths, Andy _d1961- _912855 |
|
| 245 | 1 | 4 |
_aThe cat on the mat is flat / _cAndy Griffiths. |
| 250 | _a1st U.S. ed. | ||
| 260 |
_aNew York : _bFeiwel & Friends, _cc2007. |
||
| 300 |
_a166 p. : _bill. ; _c22 cm. |
||
| 650 | 7 |
_aAnimals _vFiction. _2sears _912856 |
|
| 650 | 7 |
_aHumorous fiction. _2sears _912857 |
|
| 650 | 7 |
_aStories in rhyme. _2sears _95554 |
|
| 700 | 1 |
_aDenton, Terry. _912858 |
|
| 856 | 4 | 2 |
_3Contributor biographical information _uhttp://www.loc.gov/catdir/enhancements/fy0903/2008300735-b.html |
| 856 | 4 | 2 |
_3Publisher description _uhttp://www.loc.gov/catdir/enhancements/fy0903/2008300735-d.html |
| 906 |
_a7 _bcbc _ccopycat _d2 _encip _f20 _gy-gencatlg |
||
| 942 |
_2lcc _cBK |
||
| 999 |
_c9221 _d9221 |
||